000
00296nam a22001337a 4500
008
170718b xxu||||| |||| 00| 0 eng d
020
_a
9780521631440
041
_a
eng
080
_a
2
100
_a
24
101
_a
TEO
245
_a
CAN A DARWINIAN BE A CHRISTIAN?
_c
RUSE, M
942
_2
udc
_c
BK
999
_c
21490
_d
21490